Statistics for Avengers Academy All Costumes Quiz

Click here to take the quiz!

General Stats

  • This quiz has been taken 152 times
    (21 since last reset)
  • The average score is 66 of 192

Answer Stats

Character First Appearance Answer % Correct
Captain AmericaArmor Wars EventIron Captain America
85%
EnchantressArmor Wars EventIron Enchantress
85%
Black WidowCivil War EventIron Widow
85%
Spider-ManInfinity War EventIron Spider-Man
85%
Kate BishopUltron Revolution Special EventIron Hawkeye
85%
WaspArmor Wars EventIron Wasp
85%
Ant-ManAvengers Halloween EventMan-Ant Ant-Man
62%
LokiAvengers Halloween EventThunder Loki
54%
GrootGuardians of the Galaxy Vol. 2 EventThor Groot
54%
Star-LordGuardians of the Galaxy EventCaptain Star-Lord
54%
Phil CoulsonHalloween Special EventCaptain Coulson
54%
Iron ManA-Force EventBlacksmith Iron Man
46%
HulkAvengers Halloween EventMad Scientist Hulk
46%
Baron ZemoHalloween Special EventZombie Baron Zemo
46%
Doctor StrangeMarvel's Doctor Strange EventElemental Doctor Strange
46%
MordoMarvel's Doctor Strange EventElemental Mordo
46%
CrossbonesHalloween Special EventZombie Crossbones
46%
Doctor VoodooMarvel's Doctor Strange EventElemental Doctor Voodoo
46%
WongMarvel's Doctor Strange EventElemental Wong
46%
Winter SoldierThe Runaways Special EventWinter Winter Soldier
46%
Thor (Jane Foster)A-Force EventPaladin Thor
46%
HulkMonsters Unleashed EventGladiator Hulk
46%
WaspA-Force EventHigh Fashion Wasp
46%
WaspInhumans EventQueen Wasp
46%
Spider-WomanA-Force EventRogue Spider-Woman
46%
SingularityA-Force EventHealer Singularity
46%
America ChavezA-Force EventKnight America Chavez
46%
Iron ManInhumans EventKing Iron Man
46%
Iron ManUltron Revolution Special EventOriginal Iron Man
46%
Captain AmericaMonsters Unleashed EventGladiator Captain America
46%
Mary JaneSpider-Man: Homecoming EventArmored Mary Jane
46%
UltronUltron Revolution Special EventGold Ultron
46%
Maria HillAvengers Halloween EventBanana Maria Hill
46%
Ms. MarvelAvengers Halloween EventRed Riding Ms. Marvel
46%
TaskmasterAvengers Halloween EventZombie Taskmaster
46%
Spider-ManSpider-Man EventArmored Spider-Man
46%
HawkeyeMarvel Rising EventOriginal Hawkeye
46%
Captain MarvelCosmic Cataclysm EventCosmic Captain Marvel
46%
Black WidowLuke Cage EventOriginal Black Widow
46%
LokiSun, Surf, and Mischief! EventBeach Humbuggery Loki
46%
Luke CageJessica Jones Special EventOriginal Luke Cage
46%
Spider-WomanJessica Jones Special EventOriginal Spider-Woman
46%
GamoraGuardians of the Galaxy EventGalactic Assassin Gamora
46%
VisionWorld War Hulk EventOriginal Vision
46%
FriggaLegends Assemble EventHel's Guardian Frigga
46%
AngelaReturn of A-Force Special EventAsgard's Assassin Angela
46%
Black WidowPet Avengers Special EventBlack Cat Black Widow
46%
Black WidowSpider-Man EventSymbiote Black Widow
46%
OdinLegends Assemble EventCosmic Odin
46%
Spider-ManSpider-Man EventSymbiote Spider-Man
46%
LokiPet Avengers Special EventWinter Loki
46%
WaspMultiverse Special EventOriginal Wasp
46%
LokiDaredevil EventLawyer Loki
46%
ThorRagnarok Special EventGladiator Thor
46%
DaredevilDaredevil EventOriginal Daredevil
46%
DaredevilDaredevil EventArmored Daredevil
46%
EnchantressRagnarok Special EventHel's Queen Enchantress
46%
Black WidowRagnarok Special EventGladiator Black Widow
46%
Madame HydraHalloween Special EventZombie Madame Hydra
46%
FalconAvengers Halloween EventPenguin Falcon
46%
EnchantressAvengers Halloween EventWicked Witch Enchantress
46%
Captain AmericaAvengers Halloween EventCap-Wolf
46%
TaskmasterMultiverse Special EventAssassin Taskmaster
46%
Star-LordGuardians of the Galaxy Vol. 2 EventGalactic Star-Lord
38%
Rocket RaccoonGuardians of the Galaxy Vol. 2 EventGalactic Rocket Raccoon
38%
Drax the DestroyerGuardians of the Galaxy Vol. 2 EventGalactic Drax
38%
GamoraGuardians of the Galaxy Vol. 2 EventGalactic Gamora
38%
MockingbirdHalloween Special EventDisco Mockingbird
38%
Ms. MarvelMultiverse Special EventCarol Corps Ms. Marvel
38%
Iron ManArmor Wars EventHulkbuster Iron Man
38%
LokiInhumans EventCat Loki
38%
Ms. MarvelInhumans EventSecret War Ms. Marvel
38%
QuakeInhumans EventSecret War Quake
38%
VisionHalloween Special EventDJ Vision
38%
Iron ManGuardians of the Galaxy Vol. 2 EventGodkiller Iron Man
38%
Iron ManPet Avengers Special EventLabrador Iron Man
38%
LokiPet Avengers Special EventFeline Loki
38%
HulkWorld War Hulk EventWar Hulk
38%
Captain AmericaGuardians of the Galaxy Vol. 2 EventRavager Captain America
38%
Iron ManVan Dyne'sBusiness Time Tony
38%
WaspDaredevil EventMobster Wasp
38%
FalconDaredevil EventKung-Fu Falcon
38%
Black WidowMarvel's Doctor Strange EventCthulhu Black Widow
38%
Iron ManCivil War EventCapbuster Iron Man
38%
Iron ManSun, Surf, and Mischief! EventIron Surfer
38%
FalconCivil War EventCaptain America Falcon
38%
Iron ManAvengers Halloween EventCardboard Iron Man
38%
LokiMonsters Unleashed EventBig-Game Hunter Loki
38%
WaspSun, Surf, and Mischief! EventTropical Wasp
38%
Ant-ManCivil War EventGiant-Man
38%
HulkLegends Assemble EventBruce Banner Hulk
38%
Black WidowA.I.M. Attacks! Mini-EventUndercover Black Widow
31%
She-HulkHalloween Special EventRoller-Derby She-Hulk
31%
WaspA-Force EventArcher Wasp
31%
EnchantressMarvel's Doctor Strange EventSupreme Enchantress
31%
Iron ManMarvel's Doctor Strange EventTech-Wizard Iron Man
31%
TigraAvengers Halloween Event80's Tigra
31%
Pepper PottsReturn of A-Force Special EventDestroyer Pepper Potts
31%
Winter SoldierBlack Panther EventCaptain America Winter Soldier
31%
Iron ManRagnarok Special EventAsgardian Iron Man
31%
WaspPet Avengers Special EventHoliday Wasp
31%
LokiRagnarok Special EventKid Loki
31%
WaspAvengers Halloween EventPirate Wasp
31%
HawkeyeBlack Panther EventRonin Hawkeye
31%
Captain AmericaPet Avengers Special EventDinosaur Captain America
31%
Black PantherBlack Panther EventRoyal Black Panther
31%
HulkRagnarok Special EventThunder Hulk
31%
WaspSpider-Man EventReporter Wasp
31%
Captain AmericaSpider-Man EventWWII Captain America
31%
FalconGuardians of the Galaxy Vol. 2 EventAstronaut Falcon
31%
HulkRagnarok Special EventRagnarok Hulk
31%
AngelaA-Force EventHuntress Angela
31%
Misty KnightDefenders EventCaptain America Misty Knight
31%
Scarlet WitchInfinity War EventRoyal Scarlet Witch
31%
EnchantressGuardians of the Galaxy Vol. 2 EventGolden Goddess Enchantress
31%
J.A.R.V.I.S.Legends Assemble EventA.I. J.A.R.V.I.S.
31%
Peggy CarterLegends Assemble EventAgent Peggy Carter
31%
EnchantressLegends Assemble EventMermaid Enchantress
31%
HulkThe Runaways Special EventFrost Giant Hulk
31%
LokiVan Dyne'sFrost Giant Loki
31%
Nick FuryAgents of S.H.I.E.L.D. EventUndercover Nick Flurry
31%
Black WidowMonsters Unleashed EventMonster Hunter Widow
31%
Ghost RiderAgents of S.H.I.E.L.D. EventCowboy Ghost Rider
31%
WaspMonsters Unleashed EventMonster Catcher Wasp
31%
Hank PymAnt-Man and the Wasp EventWasp Hank Pym
31%
Iron ManVan Dyne'sSuperior Iron Man
31%
Spider-ManSpider-Man: Homecoming EventAsgardian Spider-Man
31%
Spider-ManSpider-Man: Homecoming EventPunk Spider-Man
31%
JocastaUltron Revolution Special EventWar Machine Jocasta
31%
Doctor OctopusSpider-Man: Homecoming EventSuperior Doctor Octopus
31%
HulkDefenders EventJoe Fixit Hulk
31%
BladeCloak and Dagger EventClassic Blade
31%
ElektraDefenders EventVirtual Elektra
31%
Black WidowUltron Revolution Special EventCutting-Edge Widow
31%
FalconUltron Revolution Special EventRoboFalcon
31%
Captain AmericaUltron Revolution Special EventCommander America
31%
VivUltron Revolution Special EventRadical Viv
31%
VenomSpider-Man: Homecoming EventAnti-Venom
31%
Captain MarvelReturn of A-Force Special EventClassic Captain Marvel
31%
Black WidowVan Dyne'sSuper Spy Widow
23%
SkaarWorld War Hulk EventOld Power Skaar
23%
FalconAnt-Man and the Wasp EventInfinite Falcon
23%
WaspGuardians of the Galaxy EventRetro-Futuristic Wasp
23%
Jessica JonesJessica Jones Special EventAvengers Jessica Jones
23%
Iron ManGuardians of the Galaxy EventIntergalactic Iron Man
23%
Captain AmericaInfinity War EventInfinity War Captain America
23%
MockingbirdMultiverse Special EventNerkkod Mockingbird
23%
Black PantherPet Avengers Special EventWakandan Black Panther
23%
LokiA-Force EventLady Loki
23%
Captain AmericaMultiverse Special EventSheriff Steve Rogers
23%
Iron ManArmor Wars Event2099 Iron Man
23%
Black WidowMultiverse Special Event1872 Black Widow
23%
Iron ManMultiverse Special EventSteampunk Iron Man
23%
PunisherDefenders EventPunisher 2099
23%
Pepper PottsArctic Armor Pepper EventArctic Armor Pepper
23%
FalconLegends Assemble EventSerpent Crown Falcon
23%
Doctor StrangeMarvel's Doctor Strange EventSteampunk Doctor Strange
23%
Captain AmericaHalloween Special EventHeavy Metal Captain America
23%
ThorHalloween Special EventDeconsecrator Thor
23%
LokiMarvel's Doctor Strange EventImmortal Sorcery Loki
23%
Black WidowAvengers Halloween EventFestive Black Widow
23%
PunisherHalloween Special EventFranken-Castle Punisher
23%
Amadeus ChoAnt-Man and the Wasp EventIron Spider Amadeus Cho
15%
Iron ManLegends Assemble EventHydro Armor Iron Man
15%
Winter SoldierBack to School EventMarching Band Winter Soldier
15%
FalconRagnarok Special EventRune King Falcon
15%
Spider-WomanMultiverse Special EventMedieval Spider-Woman
15%
Ant-ManAnt-Man and the Wasp EventIrredeemable Ant-Man
15%
PunisherInfinity War EventCosmic Ghost Rider Punisher
15%
Iron ManAnt-Man and the Wasp EventModel 42 Iron Man
15%
Iron ManInfinity War EventThanosbuster Iron Man
15%
DaggerCloak and Dagger EventNegative Dagger
15%
Iron FistDefenders EventImmortal Weapon Iron Fist
15%
Spider-GwenSpider-Man: Homecoming EventGwenom
15%
Black WidowThe Runaways Special EventIce Queen Black Widow
8%
ValkyrieWarriors Three Special EventMythical Valkyrie
8%
OdinWarriors Three Special EventMythical Odin
8%
ThorWarriors Three Special EventMythical Thor
8%
Jessica JonesHell's Kitchen Halloween Special EventLady Liberty Jessica Jones
8%
DaredevilHell's Kitchen Halloween Special EventDevil Daredevil
8%
LokiHell's Kitchen Halloween Special EventJester Loki
8%
DaredevilCloak and Dagger EventS.H.I.E.L.D. Daredevil
8%
America ChavezMarvel Rising EventDiver America Chavez
8%
Squirrel GirlMarvel Rising EventPark Ranger Squirrel Girl
8%
TigraBack to School EventCheerleader Tigra
8%
Black WidowBack to School EventMascot Black Widow
8%
WaspBack to School EventFootball Wasp
8%
Phil CoulsonAgents of S.H.I.E.L.D. EventT.A.H.I.T.I. Coulson
8%
Cosmo the SpacedogCosmic Cataclysm EventNova Corps Cosmo
8%
Luke CageLuke Cage EventHeroes for Hire Luke Cage
8%
EnchantressCosmic Cataclysm EventSpace Warrior Enchantress
8%
LeaderLegends Assemble EventCyborg Leader
8%

Score Distribution

Percentile by Number Answered

Percent of People with Each Score

Your Score History

You have not taken this quiz since the last reset